[Event "Torredembarra op 21st"]
[Site "Torredembarra"]
[Date "2019.07.07"]
[Round "2"]
[White "Dardha, Daniel"]
[Black "Sanz Bastos, Fernando"]
[Result "1-0"]
[WhiteElo "2420"]
[BlackElo "1874"]
[PlyCount "55"]
[EventDate "2019.07.06"]
[EventType "swiss"]
[EventRounds "9"]
[EventCountry "ESP"]
[SourceTitle "CBM 191 Extra"]
[Source "ChessBase"]
[SourceDate "2019.09.30"]
[SourceVersion "1"]
[SourceVersionDate "2019.09.30"]
[SourceQuality "1"]

1. d4 f5 2. Bg5 g6 3. Nc3 Bg7 4. e4 fxe4 5. Nxe4 d5 6. Nc5 b6 7. Nb3 Nf6 8. Nf3 Ne4 9. Bh4 0-0 10. Be2 c5 11. c3 Nc6 12. 0-0 Qd6 13. c4 e6 14. cxd5 exd5 15. dxc5 bxc5 16. Nfd2 Nxd2 17. Bg3 Be5 18. Qxd2 Bxg3 19. hxg3 Rd8 20. Rfd1 Qe7 21. Bf3 Be6 22. Re1 Qd6 23. Nxc5 Qxc5 24. Rxe6 Nd4 25. Rc1 Nxf3+ 26. gxf3 Qf8 27. Rc7 Qxf3 28. Qd4 1-0

[Event "ESP-ch Seniors 65+"]
[Site "Altea"]
[Date "2017.10.08"]
[Round "2"]
[White "Serra Olives, Tomas"]
[Black "Sanz Bastos, Fernando"]
[Result "1/2-1/2"]
[WhiteElo "2146"]
[BlackElo "1981"]
[PlyCount "108"]
[EventDate "2017.10.07"]
[EventType "swiss"]
[EventRounds "9"]
[EventCountry "ESP"]
[SourceTitle "CBM 181 Extra"]
[Source "ChessBase"]
[SourceDate "2017.12.12"]
[SourceVersion "1"]
[SourceVersionDate "2017.12.12"]
[SourceQuality "1"]

1. e4 e5 2. Nf3 Nc6 3. Bb5 a6 4. Ba4 d6 5. 0-0 Bd7 6. c4 Nge7 7. d4 Ng6 8. d5 Nb8 9. Bc2 Be7 10. Re1 0-0 11. Nbd2 a5 12. Nf1 Na6 13. Ng3 Nb4 14. Bb1 Nf4 15. a3 Na6 16. Bxf4 exf4 17. Nh5 Bg4 18. Nxf4 Bg5 19. Nd3 Qf6 20. Bc2 Rfe8 21. b4 Qc3 22. Ba4 Re7 23. Qc2 Bf6 24. e5 Qxc2 25. Bxc2 dxe5 26. Nfxe5 Bf5 27. f4 g5 28. g3 axb4 29. axb4 Bxd3 30. Nxd3 Rae8 31. Rxe7 Rxe7 32. Rb1 Re2 33. Ba4 gxf4 34. Nxf4 Bd4+ 35. Kh1 Rb2 36. Rxb2 Bxb2 37. Nd3 Ba3 38. b5 Nc5 39. Nxc5 Bxc5 40. Bc2 h6 41. Kg2 Kg7 42. Kf3 Kf6 43. Kg4 b6 44. Kh5 Be3 45. Bh7 Kg7 46. Bc2 Kf6 47. g4 Bf4 48. h4 Be3 49. Bb3 Bd2 50. c5 Ke7 51. d6+ cxd6 52. cxd6+ Kxd6 53. Bxf7 Ke7 54. Bc4 Kf6 1/2-1/2

[Event "EU-ch Seniors 65 17th"]
[Site "Sabadell"]
[Date "2017.08.12"]
[Round "1"]
[White "Sanz Bastos, Fernando"]
[Black "Vucenovic, Dragomir"]
[Result "1/2-1/2"]
[WhiteElo "1972"]
[BlackElo "2235"]
[PlyCount "138"]
[EventDate "2017.08.12"]
[EventType "swiss"]
[EventRounds "9"]
[EventCountry "ESP"]
[SourceTitle "CBM 180 Extra"]
[Source "ChessBase"]
[SourceDate "2017.10.06"]
[SourceVersion "1"]
[SourceVersionDate "2017.10.06"]
[SourceQuality "1"]

1. e4 e5 2. Nf3 Nc6 3. Bb5 a6 4. Ba4 d6 5. c4 Bd7 6. Nc3 Nge7 7. 0-0 Ng6 8. d4 Be7 9. Nd5 0-0 10. Nxe7+ Qxe7 11. Bg5 f6 12. Be3 Nxd4 13. Bxd4 Bxa4 14. Qxa4 exd4 15. Nxd4 Qxe4 16. Rad1 Rfe8 17. Nf3 b5 18. Qa5 Qc6 19. cxb5 axb5 20. Qb4 Ra4 21. Qb3+ Qc4 22. Rc1 Qxb3 23. axb3 Ra7 24. Nd4 Rb7 25. g3 Ne5 26. f4 Nd3 27. Rc2 Nb4 28. Rd2 Na6 29. Ra1 Nc5 30. b4 Ne4 31. Re2 c5 32. Nf5 cxb4 33. Rxe4 Rxe4 34. Ra8+ Kf7 35. Nxd6+ Ke6 36. Nxe4 Kd5 37. Nd2 Kd4 38. Rd8+ Ke3 39. Nf1+ Ke4 40. Kf2 Rc7 41. Nd2+ Kf5 42. Rd5+ Kg4 43. Kg2 g5 44. h3+ Kh5 45. g4+ Kh6 46. f5 Rc2 47. b3 Kg7 48. Rd3 Rc3 49. Rd5 h5 50. gxh5 Kh6 51. Rd8 Rc5 52. Rd4 Rxf5 53. Rxb4 Kxh5 54. Nf3 Rd5 55. Nd4 f5 56. Nxb5 Rd2+ 57. Kf1 Rd3 58. Nd4 Rxh3 59. Kg2 Rh4 60. Rc4 f4 61. Nf3 Rg4+ 62. Kf2 Rg3 63. Rc5 Kg6 64. b4 g4 65. Nd2 Rd3 66. Ke2 Re3+ 67. Kf1 g3 68. Rc8 Rd3 69. Nc4 Rb3 1/2-1/2

[Event "Torredembarra op 19th"]
[Site "Torredembarra"]
[Date "2017.07.06"]
[Round "6"]
[White "Sanz Bastos, Fernando"]
[Black "Gonzalez Rodriguez, Jorge Armando"]
[Result "0-1"]
[WhiteElo "1955"]
[BlackElo "2274"]
[PlyCount "188"]
[EventDate "2017.07.01"]
[EventType "swiss"]
[EventRounds "9"]
[EventCountry "ESP"]
[SourceTitle "CBM 179 Extra"]
[Source "ChessBase"]
[SourceDate "2017.08.23"]
[SourceVersion "1"]
[SourceVersionDate "2017.08.23"]
[SourceQuality "1"]

1. e4 g6 2. Nc3 Bg7 3. g3 c5 4. Bg2 Nc6 5. d3 d6 6. Be3 e6 7. Qd2 h6 8. Nge2 Nd4 9. Nd1 Ne7 10. c3 Nxe2 11. Qxe2 Nc6 12. 0-0 e5 13. f4 Qe7 14. f5 g5 15. Qf3 Bf6 16. Qh5 Qf8 17. c4 Ne7 18. Nc3 Bd7 19. a3 Bc6 20. b4 b6 21. b5 Bb7 22. a4 Kd7 23. a5 Kc7 24. a6 Bc8 25. g4 Qg7 26. Rf3 Bd7 27. Rc1 Raf8 28. Kf1 Ng8 29. Nd5+ Kc8 30. Rf2 Bd8 31. Bf3 f6 32. Qh3 h5 33. gxh5 Be8 34. Rg2 Rh7 35. Ke2 Qh8 36. Rh1 Bxh5 37. Qg3 Bxf3+ 38. Qxf3 Rh3 39. Qg4 Rf7 40. Bf2 Rfh7 41. Bg3 R7h5 42. Kd1 Nh6 43. Qe2 Qg8 44. Bf2 Qh7 45. Be3 Nf7 46. Bg1 R5h4 47. Be3 Qh8 48. Bg1 Kd7 49. Ne3 Be7 50. Nd5 Bf8 51. Be3 Rh5 52. Bd2 Nh6 53. Rf1 Ng8 54. Nxb6+ Kc7 55. Nd5+ Kb8 56. Rff2 Ne7 57. Ne3 Nc8 58. Ng4 Be7 59. Ba5 Bd8 60. Bxd8 Qxd8 61. Qa2 Rxd3+ 62. Ke1 Rhh3 63. Kf1 Ra3 64. Qb1 Nb6 65. Ra2 Rac3 66. Rac2 Qg8 67. Rxc3 Rxc3 68. Rd2 Qxc4+ 69. Kf2 d5 70. Nxf6 d4 71. Ng4 Rc1 72. Qd3 Nd7 73. Qxc4 Rxc4 74. f6 Kc7 75. f7 Kd6 76. Kg2 Rb4 77. Rf2 Nf8 78. Rf6+ Ke7 79. b6 axb6 80. a7 Ra4 81. Rxb6 Rxa7 82. Nxe5 Ra3 83. Rc6 Rc3 84. Rc8 Nh7 85. Rc7+ Kd6 86. Rc6+ Kxe5 87. Rh6 Nf8 88. Rh8 Ne6 89. Re8 Kf6 90. f8Q+ Nxf8 91. Rxf8+ Ke5 92. Re8+ Kf4 93. e5 Rc2+ 94. Kf1 d3 0-1

[Event "Catalunya-ch Seniors"]
[Site "Vila Seca"]
[Date "2016.05.27"]
[Round "7"]
[White "Sanz Bastos, Fernando"]
[Black "Marchador Villalba, Jordi"]
[Result "1/2-1/2"]
[WhiteElo "1925"]
[BlackElo "2026"]
[PlyCount "115"]
[EventDate "2016.05.21"]
[EventType "swiss"]
[EventRounds "9"]
[EventCountry "ESP"]
[SourceTitle "CBM 172 Extra"]
[Source "ChessBase"]
[SourceDate "2016.06.21"]
[SourceVersion "1"]
[SourceVersionDate "2016.06.21"]
[SourceQuality "1"]

1. e4 Nf6 2. Nc3 d5 3. e5 Ne4 4. d3 Nxc3 5. bxc3 c5 6. d4 Nc6 7. f4 Bf5 8. Bd3 Qc8 9. Nf3 c4 10. Bxf5 Qxf5 11. 0-0 Qh5 12. Qe1 e6 13. f5 Be7 14. Rb1 b6 15. Qg3 0-0-0 16. fxe6 fxe6 17. Bg5 Rhg8 18. Bxe7 Nxe7 19. Qg5 Qe8 20. a4 h6 21. Qc1 Nc6 22. Rb5 Rf8 23. Qb2 Kc7 24. Rb1 Rb8 25. Qa3 Qe7 26. Qa2 g5 27. Nd2 Qf7 28. Rf1 Qh5 29. Qa3 Rxf1+ 30. Nxf1 Rd8 31. a5 Qf7 32. axb6+ axb6 33. Qa6 Rb8 34. Rb1 Qf8 35. Ng3 Qe7 36. Nh5 Qh7 37. Qa3 Qxc2 38. Qd6+ Kb7 39. Qd7+ Ka6 40. Rf1 Na5 41. Qxe6 Qxc3 42. Qxd5 Qe3+ 43. Kh1 Qe2 44. Qf7 c3 45. Ng3 Qd3 46. Qc7 Rb7 47. Qc8 c2 48. e6 Ka7 49. Rf8 Qd1+ 50. Nf1 Ka6 51. Qa8+ Kb5 52. Qe8+ Kb4 53. Rf5 b5 54. Qf8+ Ka4 55. Rf2 Qb1 56. Rxc2 Qxc2 57. e7 Rxe7 58. Qxe7 1/2-1/2

[Event "Catalunya-ch Seniors 31st"]
[Site "Santa Susanna"]
[Date "2015.05.29"]
[Round "7"]
[White "Colom Andres, Xavier"]
[Black "Sanz Bastos, Fernando"]
[Result "1-0"]
[WhiteElo "2058"]
[BlackElo "2139"]
[PlyCount "63"]
[EventDate "2015.05.23"]
[EventType "swiss"]
[EventRounds "9"]
[EventCountry "ESP"]
[SourceTitle "CBM 166 Extra"]
[Source "ChessBase"]
[SourceDate "2015.06.18"]
[SourceVersion "1"]
[SourceVersionDate "2015.06.18"]
[SourceQuality "1"]

1. c4 Nf6 2. g3 d5 3. cxd5 Qxd5 4. Nf3 e5 5. Nc3 Qa5 6. Bg2 Nc6 7. 0-0 Bd6 8. d3 Bg4 9. a3 h6 10. Bd2 Qb6 11. b4 0-0 12. Be3 Nd4 13. Na4 Qa6 14. Nxd4 exd4 15. Bxd4 Bxe2 16. Qxe2 Qxa4 17. Bxb7 Rae8 18. Qf3 Re6 19. Bc6 Qa6 20. b5 Qa5 21. a4 Be5 22. Bxe5 Rxe5 23. Qf4 Rc5 24. Rac1 Rxc1 25. Rxc1 Rd8 26. Qe3 Qxa4 27. b6 Qa6 28. bxa7 Ng4 29. Qc5 Qa2 30. Rc4 Qb1+ 31. Kg2 Qxd3 32. Rxg4 1-0

[Event "Mondariz Marcote Memorial"]
[Site "Mondariz"]
[Date "2014.08.22"]
[Round "7"]
[White "Lopez de Turiso, Jose Angel"]
[Black "Sanz Bastos, Fernando"]
[Result "1-0"]
[WhiteElo "2147"]
[BlackElo "1951"]
[PlyCount "137"]
[EventDate "2014.08.16"]
[EventType "swiss"]
[EventRounds "9"]
[EventCountry "ESP"]
[SourceTitle "EXT 2015"]
[Source "ChessBase"]
[SourceDate "2014.11.20"]
[SourceVersion "1"]
[SourceVersionDate "2014.11.20"]
[SourceQuality "1"]

1. d4 Nf6 2. c4 e6 3. Nc3 Bb4 4. Qc2 0-0 5. a3 Bxc3+ 6. Qxc3 b6 7. Bg5 h6 8. Bh4 Bb7 9. f3 d5 10. e3 Nbd7 11. Bd3 Rc8 12. c5 c6 13. b4 Re8 14. Bxf6 Qxf6 15. f4 Qh4+ 16. Kd2 Nf6 17. g3 Qh5 18. Qc2 bxc5 19. Qxc5 Ba6 20. Bc2 Rc7 21. Qa5 c5 22. Qxc7 cxd4 23. Qe5 dxe3+ 24. Ke1 Qg4 25. Qxe3 d4 26. Qf3 Rc8 27. Qxg4 Nxg4 28. Bd1 Ne3 29. Nf3 Bb7 30. Kf2 Rc3 31. Re1 Nxd1+ 32. Rexd1 Rxf3+ 33. Ke1 Ba6 34. Kd2 Rf2+ 35. Kc1 d3 36. Rd2 Rf3 37. Kb2 f6 38. Re1 Kf7 39. a4 Bc4 40. Kc3 Bd5 41. Rxd3 Rf2 42. Rd2 Rf3+ 43. Kd4 Rb3 44. Kc5 Rc3+ 45. Kd6 Rc6+ 46. Kd7 Rb6 47. Rd4 Bc6+ 48. Kc8 Bxa4 49. Rc1 e5 50. fxe5 fxe5 51. Rdc4 Ke6 52. Ra1 Bb5 53. Rc7 a6 54. Rxg7 Kd5 55. Rd1+ Ke4 56. Re7 Rc6+ 57. Kb7 Rc2 58. h4 Be2 59. Rd6 Rb2 60. Rxh6 Rxb4+ 61. Kc6 Bb5+ 62. Kc5 Rc4+ 63. Kb6 Kd4 64. Rhe6 Rc5 65. h5 Bc4 66. Rd6+ Rd5 67. Rxd5+ Kxd5 68. h6 Bd3 69. Rd7+ 1-0

[Event "Mondariz Marcote Memorial"]
[Site "Mondariz"]
[Date "2014.08.21"]
[Round "6"]
[White "Ruiz Ledo, Antonio"]
[Black "Sanz Bastos, Fernando"]
[Result "1/2-1/2"]
[WhiteElo "2065"]
[BlackElo "1951"]
[PlyCount "66"]
[EventDate "2014.08.16"]
[EventType "swiss"]
[EventRounds "9"]
[EventCountry "ESP"]
[SourceTitle "EXT 2015"]
[Source "ChessBase"]
[SourceDate "2014.11.20"]
[SourceVersion "1"]
[SourceVersionDate "2014.11.20"]
[SourceQuality "1"]

1. Nf3 c5 2. e4 Nc6 3. d3 d5 4. Nbd2 Nf6 5. g3 Bg4 6. Bg2 Qd7 7. h3 Bxf3 8. Qxf3 Nd4 9. Qd1 e5 10. 0-0 dxe4 11. dxe4 Rd8 12. c3 Ne6 13. Qe2 b5 14. Nf3 Bd6 15. a4 a6 16. Rd1 Qb7 17. axb5 axb5 18. Nh4 0-0 19. Nf5 Bb8 20. f3 c4 21. Be3 g6 22. Nh6+ Kg7 23. Qf2 Rd7 24. Kh2 Rfd8 25. Rxd7 Rxd7 26. h4 Qc6 27. Bh3 Rd3 28. Bf1 Rd7 29. g4 Nf4 30. Bxf4 exf4 31. g5 Nh5 32. Qc2 Ng3 33. Be2 Nxe4 1/2-1/2

[Event "Mondariz Marcote Memorial"]
[Site "Mondariz"]
[Date "2014.08.19"]
[Round "4"]
[White "Lorenzo Duran, Marcos"]
[Black "Sanz Bastos, Fernando"]
[Result "1-0"]
[WhiteElo "2167"]
[BlackElo "1951"]
[PlyCount "99"]
[EventDate "2014.08.16"]
[EventType "swiss"]
[EventRounds "9"]
[EventCountry "ESP"]
[SourceTitle "EXT 2015"]
[Source "ChessBase"]
[SourceDate "2014.11.20"]
[SourceVersion "1"]
[SourceVersionDate "2014.11.20"]
[SourceQuality "1"]

1. d4 Nf6 2. Nf3 b6 3. g3 Bb7 4. Bg2 e6 5. 0-0 c5 6. c4 cxd4 7. Qxd4 Nc6 8. Qf4 Qb8 9. Qd2 Ne4 10. Qc2 Nb4 11. Qd1 a5 12. a3 Na6 13. Bf4 Qc8 14. Nbd2 Bc5 15. Nb3 Be7 16. Rc1 0-0 17. Nbd4 d6 18. Nb5 e5 19. Be3 Qd8 20. Qc2 Rc8 21. Nxe5 f5 22. Rfd1 d5 23. Qb1 Bc5 24. Bxc5 Naxc5 25. cxd5 Qe8 26. Nc6 f4 27. g4 Nxf2 28. Rf1 Nxg4 29. Rc3 Ne3 30. Nd6 Qh5 31. Ne7+ Kh8 32. Rxe3 fxe3 33. Nexc8 Rf2 34. Rxf2 exf2+ 35. Kxf2 Ba6 36. Kg1 Qxe2 37. Qf1 Qe3+ 38. Qf2 Qc1+ 39. Bf1 Qg5+ 40. Qg2 Qc1 41. h4 Nd3 42. Qg5 Qc5+ 43. Kh1 Nf2+ 44. Kh2 h6 45. Qd8+ Kh7 46. Bxa6 Qxd5 47. Ne7 Ng4+ 48. Kg3 Qe5+ 49. Kxg4 h5+ 50. Kf3 1-0

[Event "Catalunya-ch Seniors 30th"]
[Site "Barcelona"]
[Date "2014.05.22"]
[Round "6"]
[White "Sanz Bastos, Fernando"]
[Black "Bollero Romera, Alfonso"]
[Result "0-1"]
[WhiteElo "2152"]
[BlackElo "2127"]
[PlyCount "130"]
[EventDate "2014.05.17"]
[EventType "swiss"]
[EventRounds "9"]
[EventCountry "ESP"]
[SourceTitle "CBM 160 Extra"]
[Source "ChessBase"]
[SourceDate "2014.07.01"]
[SourceVersion "1"]
[SourceVersionDate "2014.07.01"]
[SourceQuality "1"]

1. e4 e5 2. Nf3 Nc6 3. Bb5 a6 4. Ba4 Nf6 5. 0-0 Be7 6. Bxc6 dxc6 7. Qe1 Nd7 8. b3 0-0 9. Bb2 Bf6 10. d3 Re8 11. Nbd2 b5 12. h3 Nf8 13. Nh2 Ng6 14. Ndf3 Qd6 15. Qe3 h6 16. Rad1 c5 17. c3 Qc6 18. Rfe1 Kh7 19. Ng4 Bxg4 20. hxg4 Rad8 21. g5 hxg5 22. Nxg5+ Kg8 23. g3 Qd7 24. Kh2 Qg4 25. Nh3 Nf8 26. f3 Qh5 27. Kg2 Ne6 28. Rh1 Qg6 29. Kf2 Be7 30. f4 f5 31. exf5 Qxf5 32. Qxe5 Qf7 33. Qe4 Bf6 34. Qf3 Rf8 35. Rh2 Qd7 36. Ng1 b4 37. Qh5 bxc3 38. Qh7+ Kf7 39. f5 Qd4+ 40. Kf1 cxb2 41. fxe6+ Kxe6 42. Nf3 Qd5 43. Re2+ Kd6 44. Qe4 Rde8 45. Qxd5+ Kxd5 46. Rxe8 Rxe8 47. Kf2 Bd4+ 48. Kf1 Be3 49. Rb1 Bc1 50. Kf2 a5 51. g4 Re3 52. Ne1 Rxe1 53. Kxe1 Kd4 54. Kd1 Kxd3 55. Rxc1 bxc1Q+ 56. Kxc1 g5 57. Kb2 c4 58. a3 c3+ 59. Kc1 c2 60. b4 axb4 61. axb4 Kc4 62. b5 Kxb5 63. Kxc2 Kc4 64. Kd2 Kb3 65. Kc1 Kc3 0-1

[Event "Catalunya-ch Seniors 30th"]
[Site "Barcelona"]
[Date "2014.05.19"]
[Round "3"]
[White "Mengual Jerez, Antonio"]
[Black "Sanz Bastos, Fernando"]
[Result "0-1"]
[WhiteElo "1973"]
[BlackElo "2152"]
[PlyCount "28"]
[EventDate "2014.05.17"]
[EventType "swiss"]
[EventRounds "9"]
[EventCountry "ESP"]
[SourceTitle "CBM 160 Extra"]
[Source "ChessBase"]
[SourceDate "2014.07.01"]
[SourceVersion "1"]
[SourceVersionDate "2014.07.01"]
[SourceQuality "1"]

1. d4 f5 2. Nf3 Nf6 3. c4 e6 4. Nc3 Bb4 5. g3 b6 6. Bg5 Bb7 7. Bg2 0-0 8. 0-0 Bxc3 9. bxc3 d6 10. Qb3 Qe8 11. Bxf6 Rxf6 12. c5 dxc5 13. dxc5 Nd7 14. cxb6 axb6 0-1

[Event "Barcelona Vila de Gracia Seniors 55+ op"]
[Site "Barcelona"]
[Date "2014.04.07"]
[Round "4"]
[White "Cabrera Marmol, Manel"]
[Black "Sanz Bastos, Fernando"]
[Result "0-1"]
[WhiteElo "2012"]
[BlackElo "2152"]
[PlyCount "38"]
[EventDate "2014.03.17"]
[EventType "swiss"]
[EventRounds "8"]
[EventCountry "ESP"]
[SourceTitle "EXT 2015"]
[Source "ChessBase"]
[SourceDate "2014.11.20"]
[SourceVersion "1"]
[SourceVersionDate "2014.11.20"]
[SourceQuality "1"]

1. e4 e5 2. d4 exd4 3. c3 d5 4. exd5 Qxd5 5. cxd4 Nf6 6. Nc3 Bb4 7. Nf3 0-0 8. Be2 Bg4 9. 0-0 Qa5 10. Bd2 Nc6 11. a3 Bxc3 12. Bxc3 Qd5 13. h3 Bh5 14. Qd2 Rfe8 15. Rfe1 Re4 16. Nh2 Rxe2 17. Rxe2 Bxe2 18. Qxe2 Nxd4 19. Qe3 Nc2 0-1

[Event "Benidorm op U2000 11th"]
[Site "Benidorm"]
[Date "2012.12.04"]
[Round "5"]
[White "Voet, Dirk Victor"]
[Black "Sanz Bastos, Fernando"]
[Result "1-0"]
[WhiteElo "1911"]
[BlackElo "1989"]
[PlyCount "59"]
[EventDate "2012.11.30"]
[EventType "swiss"]
[EventRounds "10"]
[EventCountry "ESP"]
[SourceTitle "EXT 2014"]
[Source "ChessBase"]
[SourceDate "2013.11.20"]
[SourceVersion "1"]
[SourceVersionDate "2013.11.20"]
[SourceQuality "1"]

1. g3 f5 2. b3 Nf6 3. Bb2 e6 4. Bg2 d5 5. d3 Be7 6. Nd2 c5 7. e4 0-0 8. e5 Ng4 9. h3 Nh6 10. Ngf3 Nc6 11. c3 Bd7 12. 0-0 Qe8 13. a3 g5 14. d4 g4 15. Nh2 cxd4 16. cxd4 Qh5 17. hxg4 fxg4 18. Re1 Rxf2 19. Kxf2 Qxh2 20. Rg1 Rf8+ 21. Ke2 Qxg3 22. Qe1 Nxd4+ 23. Bxd4 Bb5+ 24. Kd1 Qd3 25. Qe3 Qg6 26. Bf1 Nf5 27. Qf4 Bg5 28. Qxg4 h6 29. Bxb5 Rc8 30. Rc1 1-0

[Event "ESP-ch Seniors 10th"]
[Site "Mondariz"]
[Date "2012.10.17"]
[Round "8"]
[White "Sanz Bastos, Fernando"]
[Black "Sio Areal, Manuel"]
[Result "1-0"]
[WhiteElo "2022"]
[BlackElo "1415"]
[PlyCount "37"]
[EventDate "2012.10.10"]
[EventType "swiss"]
[EventRounds "9"]
[EventCountry "ESP"]
[SourceTitle "EXT 2013"]
[Source "ChessBase"]
[SourceDate "2012.11.22"]
[SourceVersion "1"]
[SourceVersionDate "2012.11.22"]
[SourceQuality "1"]

1. e4 c5 2. Nc3 d6 3. g3 Nc6 4. Bg2 g6 5. d3 Bg7 6. Be3 Nf6 7. h3 0-0 8. Nge2 Re8 9. 0-0 e5 10. Qd2 Nd4 11. f4 Nh5 12. g4 Nf6 13. f5 gxf5 14. exf5 Rb8 15. Ng3 b5 16. Bh6 Nxc2 17. Qg5 Nh5 18. f6 Nxa1 19. Nxh5 1-0

[Event "ESP-ch Seniors 10th"]
[Site "Mondariz"]
[Date "2012.10.14"]
[Round "5"]
[White "Sanz Bastos, Fernando"]
[Black "Salgado Gonzalez, Julio"]
[Result "1/2-1/2"]
[WhiteElo "2022"]
[BlackElo "1836"]
[PlyCount "68"]
[EventDate "2012.10.10"]
[EventType "swiss"]
[EventRounds "9"]
[EventCountry "ESP"]
[SourceTitle "EXT 2013"]
[Source "ChessBase"]
[SourceDate "2012.11.22"]
[SourceVersion "1"]
[SourceVersionDate "2012.11.22"]
[SourceQuality "1"]

1. e4 Nc6 2. Nc3 e5 3. Nf3 Nf6 4. Bb5 Bb4 5. d3 0-0 6. 0-0 Bxc3 7. bxc3 d6 8. Bg5 h6 9. Bh4 Bg4 10. h3 Bxf3 11. Qxf3 g5 12. Bg3 Kg7 13. a4 Ne7 14. d4 Ng6 15. Rfd1 Qe7 16. Bd3 Qe6 17. Rab1 Rab8 18. d5 Qd7 19. Ra1 h5 20. Qf5 Qxf5 21. exf5 Ne7 22. c4 e4 23. Re1 Nxf5 24. Bxe4 Nxg3 25. fxg3 Rfe8 26. Bd3 Rxe1+ 27. Rxe1 Re8 28. Rb1 b6 29. a5 Nd7 30. axb6 axb6 31. Kf2 Nc5 32. Ra1 Ne4+ 33. Kf3 Nd2+ 34. Kf2 Ne4+ 1/2-1/2

[Event "ESP-ch Seniors 10th"]
[Site "Mondariz"]
[Date "2012.10.13"]
[Round "4"]
[White "Vinal Gutierrez, Pedro"]
[Black "Sanz Bastos, Fernando"]
[Result "1-0"]
[WhiteElo "2009"]
[BlackElo "2022"]
[PlyCount "134"]
[EventDate "2012.10.10"]
[EventType "swiss"]
[EventRounds "9"]
[EventCountry "ESP"]
[SourceTitle "EXT 2013"]
[Source "ChessBase"]
[SourceDate "2012.11.22"]
[SourceVersion "1"]
[SourceVersionDate "2012.11.22"]
[SourceQuality "1"]

1. d4 f5 2. Nf3 Nf6 3. Bg5 e6 4. Nbd2 Be7 5. Bxf6 Bxf6 6. e4 0-0 7. Bd3 g6 8. Qe2 c5 9. e5 Bg7 10. dxc5 Qa5 11. 0-0 Qxc5 12. Nc4 Nc6 13. c3 a5 14. Rfe1 b6 15. Rad1 Rb8 16. a4 Ba6 17. Na3 Bxd3 18. Rxd3 Rfd8 19. Nb5 Ne7 20. Qd2 Nd5 21. Nfd4 Bf8 22. Rh3 Qe7 23. Nd6 Qg7 24. N4xf5 Qh8 25. Nh6+ Bxh6 26. Qxh6 Rf8 27. Re4 Qg7 28. Qg5 Ne7 29. g4 Nc8 30. Nb5 Qf7 31. Qe3 Qg7 32. Qd2 Rb7 33. Rd3 Rf7 34. Qe3 Qf8 35. Rc4 Qd8 36. Qe4 Rb8 37. Rc7 Qh4 38. Rg3 Ne7 39. Nd6 Nd5 40. Nxf7 Nxc7 41. Nd6 Rf8 42. c4 Qg5 43. Rf3 Qe7 44. Kg2 Na6 45. Rxf8+ Qxf8 46. Qe3 Nc5 47. b3 Qa8+ 48. f3 Qf8 49. Kg3 Kg7 50. h4 h6 51. Ne4 Nxe4+ 52. Qxe4 Qc5 53. Kg2 Qb4 54. Qd3 Qe7 55. Kh3 Qf7 56. f4 Qxf4 57. Qxd7+ Qf7 58. Qxf7+ Kxf7 59. Kg3 Ke7 60. Kf3 Kd7 61. Ke4 Kc7 62. Kd3 Kd7 63. Kc3 Kc6 64. b4 Kc7 65. b5 Kb7 66. Kd4 Kc7 67. c5 Kb7 1-0

[Event "ESP-ch Seniors 10th"]
[Site "Mondariz"]
[Date "2012.10.11"]
[Round "2"]
[White "Buxade Roca, Guillermo"]
[Black "Sanz Bastos, Fernando"]
[Result "1/2-1/2"]
[WhiteElo "2128"]
[BlackElo "2022"]
[PlyCount "41"]
[EventDate "2012.10.10"]
[EventType "swiss"]
[EventRounds "9"]
[EventCountry "ESP"]
[SourceTitle "EXT 2013"]
[Source "ChessBase"]
[SourceDate "2012.11.22"]
[SourceVersion "1"]
[SourceVersionDate "2012.11.22"]
[SourceQuality "1"]

1. e4 c6 2. Nf3 g6 3. d4 d5 4. exd5 cxd5 5. Ne5 Bg7 6. Bb5+ Bd7 7. Nxd7 Nxd7 8. 0-0 Ngf6 9. c3 0-0 10. Re1 a6 11. Bd3 Re8 12. f4 e6 13. Nd2 b5 14. Nf3 Qb6 15. Kh1 Ng4 16. Re2 f5 17. a3 Ngf6 18. Ne5 Nxe5 19. dxe5 Ne4 20. Qe1 Bf8 21. Be3 1/2-1/2

[Event "ESP-ch Seniors 28th"]
[Site "Santa Susanna"]
[Date "2012.05.17"]
[Round "7"]
[White "Sanz Bastos, Fernando"]
[Black "Regue Farran, Enric"]
[Result "1/2-1/2"]
[WhiteElo "2026"]
[BlackElo "2065"]
[PlyCount "38"]
[EventDate "2012.05.11"]
[EventType "swiss"]
[EventRounds "9"]
[EventCountry "ESP"]
[SourceTitle "CBM 148 Extra"]
[Source "ChessBase"]
[SourceDate "2012.06.22"]
[SourceVersion "1"]
[SourceVersionDate "2012.06.22"]
[SourceQuality "1"]

1. e4 c5 2. Nc3 d6 3. g3 g6 4. Bg2 Bg7 5. d3 Nc6 6. Be3 e6 7. Qd2 Nge7 8. Nf3 Nd4 9. 0-0 0-0 10. Ne1 Rb8 11. Bh6 b5 12. Bxg7 Kxg7 13. Nd1 e5 14. c3 Ne6 15. Ne3 a5 16. N1c2 f6 17. Rad1 a4 18. b3 Bb7 19. d4 Rc8 1/2-1/2

[Event "Barcelona Ateneu Colon op 7th"]
[Site "Barcelona"]
[Date "2012.04.18"]
[Round "5"]
[White "Catarineu Morales, Alex"]
[Black "Sanz Bastos, Fernando"]
[Result "1/2-1/2"]
[WhiteElo "1949"]
[BlackElo "2058"]
[PlyCount "39"]
[EventDate "2012.03.14"]
[EventType "swiss"]
[EventRounds "9"]
[EventCountry "ESP"]
[SourceTitle "EXT 2013"]
[Source "ChessBase"]
[SourceDate "2012.11.22"]
[SourceVersion "1"]
[SourceVersionDate "2012.11.22"]
[SourceQuality "1"]

1. e4 e5 2. d4 exd4 3. Qxd4 Nc6 4. Qe3 Bb4+ 5. Nc3 d6 6. Bd2 Nf6 7. 0-0-0 Bc5 8. Qg3 Nh5 9. Qf3 Qh4 10. g3 Qg4 11. Qg2 Bd7 12. Be2 Qg6 13. f4 f5 14. exf5 Bxf5 15. Bb5 Kd7 16. Nf3 Bg4 17. Na4 Bb6 18. Bc3 Bxf3 19. Qxf3 Nf6 20. Rhe1 1/2-1/2

[Event "EU-chT Seniors"]
[Site "Rogaska Slatina"]
[Date "2012.04.03"]
[Round "8.9"]
[White "Sanz Bastos, Fernando"]
[Black "Preuss, Flemming"]
[Result "0-1"]
[WhiteElo "2058"]
[BlackElo "1993"]
[PlyCount "104"]
[EventDate "2012.03.27"]
[EventType "team-swiss"]
[EventRounds "9"]
[EventCountry "SLO"]
[SourceTitle "CBM 147 Extra"]
[Source "ChessBase"]
[SourceDate "2012.04.24"]
[SourceVersion "1"]
[SourceVersionDate "2012.04.24"]
[SourceQuality "1"]
[WhiteTeam "Catalunya (Seniors)"]
[BlackTeam "Denmark (Seniors) II"]
[WhiteTeamCountry "ESP"]
[BlackTeamCountry "DEN"]

1. e4 d6 2. Nc3 e5 3. g3 g6 4. Bg2 Bg7 5. d3 c5 6. f4 Nc6 7. Nf3 Nge7 8. 0-0 0-0 9. Nh4 f5 10. Nd5 Nxd5 11. exd5 Ne7 12. c4 exf4 13. gxf4 Kh8 14. Nf3 h6 15. Rb1 a5 16. b3 Ng8 17. Bb2 Bd7 18. Bxg7+ Kxg7 19. d4 b6 20. dxc5 bxc5 21. Qd2 Qf6 22. Rfe1 Rfe8 23. Rxe8 Bxe8 24. Re1 Bd7 25. Ne5 dxe5 26. fxe5 Qg5 27. Qxg5 hxg5 28. d6 Re8 29. Bd5 Kf8 30. e6 Nf6 31. Kf2 Bxe6 32. Bxe6 Ne4+ 33. Rxe4 fxe4 34. d7 Rd8 35. Ke3 Ke7 36. Bg4 Rf8 37. h3 Rf4 38. Ke2 Kd8 39. Ke3 Kc7 40. Ke2 a4 41. bxa4 e3 42. Kxe3 Rxc4 43. a5 Rd4 44. a6 Kb6 45. a7 Kxa7 46. Be6 Kb6 47. Ke2 Kc7 48. Ke3 Kd8 49. Bg4 Ke7 50. Ke2 c4 51. Ke1 c3 52. Bd1 Rxd7 0-1